Normal view
MARC view
Entry Personal Name
001 - CONTROL NUMBER
- control field: 5698
003 - CONTROL NUMBER IDENTIFIER
- control field: BD-RjUL
005 - DATE AND TIME OF LATEST TRANSACTION
- control field: 20221103130911.0
008 - FIXED-LENGTH DATA ELEMENTS
- fixed length control field: 221103|| aca||aabn | a|a d
040 ## - CATALOGING SOURCE
- Original cataloging agency: BD-RjUL
- Transcribing agency: BD-RjUL
100 ## - HEADING--PERSONAL NAME
- Personal name: Sheridan, Richard Brinsley
- Dates associated with a name: 1751-1816
670 ## - SOURCE DATA FOUND
- Source citation: Work cat.: (BD-RjUL)80707: Sheridan, Richard Brinsley 1751-1816, The plays of Richard Brinsley Sheridan /, 1906 [reprinted1951]